Logo BPK

Biblioteka

Politechniki Koszalińskiej

Gramatyka języka angielskiego z ćwiczeniami / (Rekord nr 46640)

Szczegóły MARC
000 -ETYKIETA REKORDU
podpole kontrolne o stałej długości 01186nam a2200325 i 4500
001 - NUMER KONTROLNY REKORDU
pole kontrolne bg
015 ## - NUMER BIBLIOGRAFII NARODOWEJ
Numer bibliografii narodowej PB 16914/2004
020 ## - MIĘDZYNARODOWY ZNORMALIZOWANY NUMER KSIĄŻKI - ISBN
ISBN 8388507915
040 ## - ŹRÓDŁO KATALOGOWANIA
Instytucja, która utworzyła rekord BPK
041 1# - KOD JĘZYKA
Kod języka tekstu poleng
Kod języka oryginału eng
080 ## - UNIWERSALNA KLASYFIKACJA DZIESIĘTNA - UKD
UKD 811.111'36(07)
920 ## - Międzynarodowy znormalizowany numer książki – ISBN
ISBN 83-88507-91-5
008 - POLE O STAŁEJ DŁUGOŚCI - DANE KONTROLNE
podpole kontrolne o stałej długości s pl f |000 0 pol
100 1# - NAZWA OSOBOWA
Nazwa osobowa BOLTON, David
Daty związane z nazwą (1943- )
245 10 - TYTUŁ/ODPOWIEDZIALNOŚĆ
Tytuł Gramatyka języka angielskiego z ćwiczeniami /
Pozostałe elementy strefy tytułu i oznaczenia odpowiedzialności David Bolton, Mats Oscarson, Lennart Peterson ; [tł. Jadwiga Fisiak].
246 ## - WARIANT TYTUŁU
Treść wyrażenia wprowadzającego Tyt. oryg.:
Tytuł Basic working grammar
260 ## - STREFA ADRESU WYDAWNICZEGO
Miejsce wydania Poznań :
Nazwa wydawcy/dystrybutora "LektorKlett",
Data publikacji, dystrybucji/powstania dokumentu 2001.
300 ## - STREFA OPISU FIZYCZNEGO
Objętość VII, [1], 270 s. :
Inne cechy fizyczne fot., rys., tab. ;
Rozmiary 25 cm.
490 1# - STREFA SERII I DOKUMENTU WIELOCZĘŚCIOWEGO - FORMA NIE DO WYSZUKIWANIA
Tytuł i oznaczenie odpowiedzialności serii Pons : naucz się sam
500 ## - UWAGI OGÓLNE
Tekst uwagi Tyt. oryg.: "Basic working grammar". Na okł. podtyt.: dla początkujących i średnio zaawansowanych : nauka lub powtórka - szybko i skutecznie.
504 ## - UWAGA DOTYCZĄCA BIBLIOGRAFII
Informacje o bibliografii Indeks.
650 #9 - HASŁO PRZEDMIOTOWE W FORMIE NAZWY OGÓLNEJ LUB JEDNOSTKOWEJ
Nazwa ogólna lub geograficzna Język angielski
Określnik ogólny gramatyka
655 ## - TERMIN INDEKSOWY - OKREŚLENIE RODZAJU/FORMY DOKUMENTU
Określenie rodzaju/formy dokumentu Podręczniki
700 1# - HASŁO DODATKOWE - NAZWA OSOBOWA
Nazwa osobowa OSCARSON, Mats
700 1# - HASŁO DODATKOWE - NAZWA OSOBOWA
Nazwa osobowa PETERSON, Lennart
700 1# - HASŁO DODATKOWE - NAZWA OSOBOWA
Nazwa osobowa FISIAK, Jadwiga.
Określenie związku między hasłem a opisywanym materiałem Tł.
830 #0 - HASŁO DODATKOWE SERII LUB DOKUMENTU WIELOCZĘŚCIOWEGO - TYTUŁ UJEDNOLICONY
Tytuł ujednolicony Pons
942 ## - DODATKOWE ELEMENTY (KOHA)
Typ dokumentu Książka
Egzemplarze
Wycofany Status egzemplarza Uszkodzony Dostępność Lokalizacja stała Lokalizacja bieżąca Miejsce przechowywania Sygnatura Kod kreskowy Ostatnio wypożyczono Typ dokumentu
      Dostępny Biblioteka Politechniki Koszalińskiej Biblioteka Politechniki Koszalińskiej Wypożyczalnia BG 76690 02271675 16.10.2023 Książka
© 2023 Biblioteka Politechniki Koszalińskiej :: KOHA